Statistics for Movies by Letter - J

Click here to take the quiz!

General Stats

  • This quiz has been taken 59 times
  • The average score is 9 of 25

Answer Stats

HintAnswer% Correct
Villain of the Friday the 13th filmsJason Voorhees
88%
Child actress Kirsten Dunst helps Robin Williams battle a board gameJumanji
86%
Amusement park where dinosaurs liveJurassic Park
86%
Film widely credited with creating the Hollywood blockbusterJaws
78%
Film featuring the villains Kaa, King Louie, and Shere KhanThe Jungle Book
69%
Staff vehicles at the above; Dennis crashes one in the mudJeep
67%
Agrabah's princess, owns a tigerJasmine
59%
Sings "When You Wish Upon a Star"Jiminy Cricket
41%
Lemur king of MadagascarJulien
41%
Steve Martin's first starring role, in 1979The Jerk
37%
Film distributor named for a two-faced Greek godJanus Films
35%
Their ancient temple was on CoruscantJedi
33%
Star of Creed, Fruitvale Station, and Black PantherMichael B. Jordan
33%
The most famous film that inaugurated talking picturesThe Jazz Singer
33%
Played by Ingrid Bergman, Renée Falconetti, Geraldine Farrar, and Jean SebergJoan of Arc
22%
This Short Circuit robot is alive!Johnny 5
22%
Star of the aboveAl Jolson
18%
Wonder Woman directorPatty Jenkins
18%
Director of Stranger than Paradise, Only Lovers Left Alive, and Ghost Dog: The Way of the SamuraiJim Jarmusch
16%
When two adjacent shots have mismatched action or continuityjump cut
16%
Piece of equipment that can swing a camera through the airjib
10%
What Burt sings while waddling like a penguinJolly Holiday
10%
Truffaut film about a tragic love triangleJules and Jim
10%
Japanese term for samurai filmsjidaigeki
6%
Wile E. Coyote and Roadrunner creatorChuck Jones
4%

Score Distribution

Percentile by Number Answered

Percent of People with Each Score

Your Score History

You have not taken this quiz